000 00218nam a2200109Ia 4500
100 _a#N/A
942 _cBK
654 _anetwork security
245 _aNetwork Security Tools
260 _b#N/A
_c2004
546 _aENGLISH
999 _c21645
_d21645